| 000 | 00557nam a2200205 i 4500 | ||
|---|---|---|---|
| 001 | bgj | ||
| 100 | 1 |
_aIkeda, Daisaku _d(1928- ). |
|
| 245 | 1 | 0 |
_aDer Buddha Lebt : _bEine inerpretierende Biografie / _cDaisaku Ikeda. |
| 260 |
_aMünchen : _bNymphenburger Verlagshandlung, _cc. 1985. |
||
| 300 |
_a204 S. : _bLandkarte ; _c21 cm. |
||
| 505 | _aRegister. | ||
| 600 | 1 | 9 | _aBuddha |
| 655 | _aBiographie | ||
| 020 | _a348500491X | ||
| 040 | _cBPK | ||
| 041 | 0 | _ager | |
| 920 | _a3-485-00491-X | ||
| 942 | _cKS | ||
| 008 | s gw f |000 0 ger | ||
| 999 |
_c50660 _d50660 |
||
| 856 |
_uhttp://koha.tu.koszalin.pl/cgi-bin/koha/opac-detail.pl?biblionumber=50660 _yKatalog online BPK |
||